Statistics for County-Level Divisions of Yunnan, China

Click here to take the quiz!

General Stats

  • This quiz has been taken 72 times
  • The average score is 73 of 129

Answer Stats

Prefecture-level City 地級市Answer% Correct
Wenshan 文山Wenshan 文山
97%
Chuxiong 楚雄Chuxiong 楚雄
94%
Diqing 迪慶Xianggelila 香格裡拉
94%
Baoshan 保山Tengchong 騰沖
91%
Qujing 曲靖Xuanwei 宣威
91%
Honghe 紅河Gejiu 箇舊
88%
Dehong 德宏Ruili 瑞麗
88%
Chuxiong 楚雄Yuanmou 元謀
88%
Dali 大理Dali 大理
85%
Xishuangbanna 西雙版納Mengla 勐臘
85%
Honghe 紅河Honghe 紅河
82%
Nujiang 怒江Lushui 瀘水
82%
Dehong 德宏Mangshi 芒市
82%
Honghe 紅河Mengzi 蒙自
82%
Kunming 昆明Wuhua 五華
82%
Kunming 昆明Chenggong 呈貢
79%
Xishuangbanna 西雙版納Jinghong 景洪
79%
Pu'er 普洱Simao 思茅
79%
Honghe 紅河Hekou 河口
76%
Lijiang 麗江Gucheng 古城
73%
Honghe 紅河Mile 彌勒
73%
Yuxi 玉溪Chengjiang 澄江
70%
Kunming 昆明Guandu 官渡
70%
Yuxi 玉溪Hongta 紅塔
70%
Diqing 迪慶Weixi 維西
70%
Kunming 昆明Yiliang 宜良
70%
Lijiang 麗江Yulong 玉龍
70%
Kunming 昆明Dongchuan 東川
67%
Xishuangbanna 西雙版納Menghai 勐海
67%
Kunming 昆明Shilin 石林
67%
Kunming 昆明Xishan 西山
67%
Honghe 紅河Yuanyang 元陽
67%
Kunming 昆明Anning 安寧
64%
Dali 大理Yangbi 漾濞
64%
Zhaotong 昭通Yiliang 彝良
64%
Yuxi 玉溪Yuanjiang 元江
64%
Diqing 迪慶Deqin 德欽
61%
Honghe 紅河Jianshui 建水
61%
Zhaotong 昭通Ludian 魯甸
61%
Chuxiong 楚雄Lufeng 祿豐
61%
Qujing 曲靖Malong 馬龍
61%
Dali 大理Midu 彌渡
61%
Kunming 昆明Panlong 盤龍
61%
Dali 大理Weishan 巍山
61%
Lincang 臨滄Yun County 雲縣
61%
Qujing 曲靖Zhanyi 沾益
61%
Nujiang 怒江Gongshan 貢山
58%
Yuxi 玉溪Jiangchuan 江川
58%
Pu'er 普洱Lancang 瀾滄
58%
Qujing 曲靖Luliang 陸良
58%
Kunming 昆明Luquan 祿勸
58%
Wenshan 文山Maguan 馬關
58%
Pu'er 普洱Ning'Er 寧洱
58%
Wenshan 文山Yanshan 硯山
58%
Dali 大理Eryuan 洱源
55%
Nujiang 怒江Fugong 福貢
55%
Lijiang 麗江Huaping 華坪
55%
Kunming 昆明Jinning 晉寧
55%
Honghe 紅河Jinping 金平
55%
Honghe 紅河Kaiyuan 開遠
55%
Nujiang 怒江Lanping 蘭坪
55%
Lincang 臨滄Linxiang 臨翔
55%
Honghe 紅河Lüchun 綠春
55%
Kunming 昆明Songming 嵩明
55%
Zhaotong 昭通Zhaoyang 昭陽
55%
Zhaotong 昭通Zhenxiong 鎮雄
55%
Lincang 臨滄Fengqing 鳳慶
52%
Lincang 臨滄Gengma 耿馬
52%
Wenshan 文山Guangnan 廣南
52%
Dali 大理Jianchuan 劍川
52%
Qujing 曲靖Luoping 羅平
52%
Wenshan 文山Malipo 麻栗坡
52%
Qujing 曲靖Qilin 麒麟
52%
Honghe 紅河Shiping 石屏
52%
Zhaotong 昭通Weixin 威信
52%
Pu'er 普洱Ximeng 西盟
52%
Dehong 德宏Yingjiang 盈江
52%
Pu'er 普洱Zhenyuan 鎮沅
52%
Dali 大理Binchuan 賓川
48%
Zhaotong 昭通Daguan 大關
48%
Chuxiong 楚雄Dayao 大姚
48%
Qujing 曲靖Fuyuan 富源
48%
Dali 大理Heqing 鶴慶
48%
Yuxi 玉溪Huaning 華寧
48%
Qujing 曲靖Huize 會澤
48%
Pu'er 普洱Jingdong 景東
48%
Pu'er 普洱Jinggu 景谷
48%
Pu'er 普洱Menglian 孟連
48%
Chuxiong 楚雄Nanhua 南華
48%
Lijiang 麗江Ninglang 寧蒗
48%
Baoshan 保山Shidian 施甸
48%
Qujing 曲靖Shizong 師宗
48%
Lincang 臨滄Shuangjiang 雙江
48%
Yuxi 玉溪Xinping 新平
48%
Kunming 昆明Xundian 尋甸
48%
Zhaotong 昭通Yanjin 鹽津
48%
Chuxiong 楚雄Yao'An 姚安
48%
Lincang 臨滄Cangyuan 滄源
45%
Yuxi 玉溪Eshan 峨山
45%
Honghe 紅河Luxi 瀘西
45%
Zhaotong 昭通Qiaojia 巧家
45%
Zhaotong 昭通Shuifu 水富
45%
Dali 大理Xiangyun 祥雲
45%
Lincang 臨滄Yongde 永德
45%
Dali 大理Yongping 永平
45%
Chuxiong 楚雄Yongren 永仁
45%
Lincang 臨滄Zhenkang 鎮康
45%
Kunming 昆明Fumin 富民
42%
Baoshan 保山Longling 龍陵
42%
Pu'er 普洱Mojiang 墨江
42%
Yuxi 玉溪Yimen 易門
42%
Zhaotong 昭通Yongshan 永善
42%
Pu'er 普洱Jiangcheng 江城
39%
Dehong 德宏Lianghe 梁河
39%
Wenshan 文山Xichou 西疇
39%
Baoshan 保山Changning 昌寧
36%
Wenshan 文山Funing 富寧
36%
Dehong 德宏Longchuan 隴川
36%
Baoshan 保山Longyang 隆陽
36%
Honghe 紅河Pingbian 屏邊
36%
Wenshan 文山Qiubei 丘北
36%
Chuxiong 楚雄Shuangbai 雙柏
36%
Zhaotong 昭通Suijiang 綏江
36%
Yuxi 玉溪Tonghai 通海
36%
Chuxiong 楚雄Wuding 武定
36%
Lijiang 麗江Yongsheng 永勝
36%
Dali 大理Yunlong 雲龍
36%
Dali 大理Nanjian 南澗
33%
Chuxiong 楚雄Mouding 牟定
30%

Score Distribution

Percentile by Number Answered

Percent of People with Each Score

Your Score History

You have not taken this quiz